00750nam a22001577a 4500003000900000005001700009008004100026040001300067100003700080245006100117250001100178260007800189300001800267490006900285520023800354IT-RoPau20220918181105.0130506b xxu||||| |||| 00| 0 eng d cIT-RoPau aCentro di spiritualità paolina a"Camminiamo anche noi in novità di vita"b(Rom. VI, 4) a1° ed aAriccia (Roma)bCentro di spiritualità paolina Casa Divin Maestroc1975 a44 pp.c28 cm a"Camminiamo anche noi in novità di vita"vn° 18 - Maggio 1975 aSommario I. Leggiamo san Paolo, n° 6 II. Lo Spirito Santo nella spiritualità di don Alberione. III. Testimonianze sullo "spirito paolino". Ricordi e riflessioni di don Angelo Francesco Fenoglio IV. Dialogo nella Famiglia Paolina.